| 000 | 00494nam a2200145 4500 | ||
|---|---|---|---|
| 001 | 1202 | ||
| 005 | 20181127162907.0 | ||
| 090 | 0 | 0 | _a342.07 E381b 2008 |
| 110 |
_aElection Commission of Bhutan. _b _c _d _e _n _p |
||
| 245 | 0 | 0 |
_aDruk gi chag-the pay-yeg 2008 : _bElection bill of the kingdom of Bhutan, 2008 / _cElection Commission of Bhutan. _h |
| 260 | 0 | 0 |
_aThimphu : _bElection Commission of Bhutan, _c2008. |
| 300 | 0 | 0 | _av, 143 p. |
| 500 | 0 | 0 | _aIn Dzongkha and English. |
| 650 | 0 | 0 |
_aElection law --Bhutan. _x |
| 999 |
_c846 _d846 |
||